[Event "AUTO-ADV-1631"]
[Site "http://www.queenalice.com/game.php?id=721906"]
[Date "2010.1.28"]
[Round "1"]
[White "Kirim"]
[Black "RenatoAraujo"]
[Result "0-1"]
[WhiteElo "1690"]
[BlackElo "2204"]

1. e4 c5 2. Nc3 d6 3. Nf3 Nf6 4. Bc4 e6 5. d4 cxd4 6. Nxd4 a6 7. O-O Be7 8. Re1
Qc7 9. b3 b5 10. Ncxb5 axb5 11. Nxb5 Qd8 12. Ba3 O-O 13. f4 Rxa3 14. Nxa3 Bb7
15. e5 dxe5 16. Nb5 Qb6+ 17. Kh1 Qf2 18. Rg1 exf4 19. Qf1 Ng4 20. h3 Qg3 21.
Qxf4 Qxh3+ 22. Qh2 Qxh2# 0-1

[Event "AUTO-ADV-1631"]
[Site "http://www.queenalice.com/game.php?id=721907"]
[Date "2010.1.28"]
[Round "1"]
[White "RenatoAraujo"]
[Black "Kirim"]
[Result "1-0"]
[WhiteElo "2165"]
[BlackElo "1665"]

1. e4 e5 2. Nf3 Nc6 3. Bb5 a6 4. Ba4 b5 5. Bb3 Bc5 6. c3 Nh6 7. d4 Be7 8. dxe5
O-O 9. Bxh6 gxh6 10. O-O d6 11. Bd5 Bb7 12. exd6 cxd6 13. Nd4 Rc8 14. Nf5 Bg5
15. f4 Bf6 16. Nxh6+ Kg7 17. Qh5 Rc7 18. Rf3 Kh8 19. Rh3 Bc8 20. f5 Ne5 21. Ng4
b4 22. Qxh7# 1-0

[Event "AUTO-ADV-1631"]
[Site "http://www.queenalice.com/game.php?id=721908"]
[Date "2010.1.28"]
[Round "1"]
[White "Kirim"]
[Black "bienopia"]
[Result "1-0"]
[WhiteElo "1622"]
[BlackElo "1943"]

1. e4 a6 2. d4 h6 3. Nf3 c6 4. Nc3 d5 5. Bd3 Bg4 6. h3 Bh5 7. g4 Bg6 8. Bf4 e6
9. Qe2 Bb4 10. O-O-O Bxc3 11. bxc3 Nd7 12. c4 b5 13. cxd5 cxd5 14. exd5 Bxd3 15.
Rxd3 e5 16. Bxe5 f6 17. Bxf6+ Ne7 18. Bxe7 Qc8 19. Bf6+ 1-0

[Event "AUTO-ADV-1631"]
[Site "http://www.queenalice.com/game.php?id=721909"]
[Date "2010.1.28"]
[Round "1"]
[White "bienopia"]
[Black "Kirim"]
[Result "0-1"]
[WhiteElo "1910"]
[BlackElo "1677"]

1. d4 d5 2. f4 Bf5 3. Nf3 Nc6 4. a3 Nf6 5. e3 e6 6. Bd3 Bg4 7. O-O Bd6 8. Qe1
O-O 9. b3 Re8 10. Qh4 h6 11. Ne5 g5 12. Nxc6 gxh4 13. Ne5 Bxe5 14. fxe5 Ne4 15.
Bxe4 dxe4 16. c4 Qg5 17. Nc3 Bf3 18. Rf2 h3 19. g3 Rf8 20. Bd2 b6 21. a4 f6 22.
exf6 Rxf6 23. Raf1 Raf8 24. b4 Bg2 25. Rxf6 Rxf6 26. Rf4 Rxf4 27. exf4 Qg4 28.
Be1 Qf3 29. Bf2 Qxc3 0-1

[Event "AUTO-ADV-1631"]
[Site "http://www.queenalice.com/game.php?id=721910"]
[Date "2010.1.28"]
[Round "1"]
[White "Kirim"]
[Black "thw"]
[Result "0-1"]
[WhiteElo "1701"]
[BlackElo "1937"]

1. e4 e6 2. d4 d5 3. Nc3 Nf6 4. e5 Nfd7 5. Nf3 c5 6. Bb5 Qb6 7. Be3 Nc6 8. O-O
a6 9. Bxc6 Qxc6 10. Re1 cxd4 11. Nxd4 Qc7 12. Nf3 Nxe5 13. Bf4 Nxf3+ 14. Qxf3
Bd6 15. Nxd5 Qb8 16. Bg3 O-O 17. Rad1 exd5 18. Rxd5 Bxg3 19. hxg3 Be6 20. Rdd1
Qc7 21. c3 Rad8 22. Rd3 Rxd3 23. Qxd3 Rd8 24. Qf3 Rd2 25. Rb1 Bxa2 26. Qe3 Qd7
27. Re1 Rd1 28. Kh2 Rxe1 29. Qxe1 g6 30. f3 Bd5 31. Qd1 Qf5 32. g4 Qf4+ 33. g3
Qxf3 34. Qxf3 Bxf3 35. Kh3 f6 36. Kh4 Kg7 37. g5 fxg5+ 38. Kxg5 h6+ 39. Kf4 Bc6
40. b4 Kf6 41. g4 b5 42. g5+ hxg5+ 43. Kg4 Bd5 44. Kg3 Kf5 45. Kf2 Kf4 46. c4
Bxc4 47. Kg2 g4 48. Kf2 g3+ 49. Kg2 g5 50. Kg1 Bd5 51. Kf1 Kf3 52. Kg1 g2 53.
Kh2 Kf2 54. Kh3 Be6+ 55. Kh2 g1=Q# 0-1

[Event "AUTO-ADV-1631"]
[Site "http://www.queenalice.com/game.php?id=721911"]
[Date "2010.1.28"]
[Round "1"]
[White "thw"]
[Black "Kirim"]
[Result "1-0"]
[WhiteElo "1892"]
[BlackElo "1718"]

1. e4 e5 2. Nf3 Nc6 3. Bb5 a6 4. Bxc6 bxc6 5. O-O f6 6. c3 Bc5 7. d4 Bb6 8. dxe5
fxe5 9. Nxe5 Qe7 10. Qh5+ Kf8 11. Ng6+ hxg6 12. Qxh8 Qxe4 13. Qh3 d5 14. Qg3 Nf6
15. Nd2 Qe6 16. Nf3 Nh5 17. Qg5 a5 18. Re1 Qd6 19. Ne5 Bf5 20. g4 Qc5 21. Be3
Qe7 22. Qxe7+ Kxe7 23. gxf5 gxf5 24. Nxc6+ Kd6 25. Nd4 g6 26. Nb5+ Kc6 27. Bxb6
Kxb6 28. Nd4 Nf4 29. Re3 c5 30. Nf3 Kb5 31. Re5 Rd8 32. Rd1 a4 33. Ng5 Rd7 34.
b3 c4 35. b4 Rd6 36. Rd4 a3 37. Rxf4 1-0

[Event "Challenge"]
[Site "http://www.queenalice.com/game.php?id=741037"]
[Date "2010.3.4"]
[Round "-"]
[White "babycrocket"]
[Black "Kirim"]
[Result "1-0"]
[WhiteElo "1889"]
[BlackElo "1696"]

1. d4 d5 2. e3 Bf5 3. c4 e6 4. a3 Nc6 5. Nc3 Nf6 6. Nf3 Bd6 7. cxd5 exd5 8. Be2
O-O 9. Qb3 Ne7 10. Qxb7 Qd7 11. Qb3 Rab8 12. Qd1 c5 13. dxc5 Bxc5 14. b4 Bb6 15.
Nd4 a6 16. Bxa6 Ra8 17. Bb5 Qc7 18. Bd2 Bd7 19. Bd3 g6 20. h3 Nf5 21. Nxf5 gxf5
22. a4 Ra7 23. Rc1 Rfa8 24. Nb5 Qxc1 25. Bxc1 Rxa4 26. Bb2 Kg7 27. O-O Rxb4 28.
Bxf6+ Kxf6 29. Nc3 d4 30. Nd5+ Ke5 31. Nxb4 h5 32. exd4+ Bxd4 33. Re1+ Kf6 34.
Qxh5 Ra5 35. Qh6# 1-0

[Event "AUTO-ADV-1745"]
[Site "http://www.queenalice.com/game.php?id=767760"]
[Date "2010.4.28"]
[Round "1"]
[White "Nias"]
[Black "Kirim"]
[Result "0-1"]
[WhiteElo "1513"]
[BlackElo "1751"]

1. e4 e5 2. a3 Nf6 3. Qf3 d5 4. Nc3 Bg4 5. Qg3 Nc6 6. f3 Be6 7. d3 Bd6 8. Qxg7
Rg8 9. Qh6 Bf8 10. Qh4 Nd4 11. Kd1 Qe7 12. Qf2 O-O-O 13. Be3 c6 14. Bxd4 exd4
0-1

[Event "AUTO-ADV-1745"]
[Site "http://www.queenalice.com/game.php?id=767761"]
[Date "2010.4.28"]
[Round "1"]
[White "Kirim"]
[Black "Nias"]
[Result "1-0"]
[WhiteElo "1737"]
[BlackElo "1681"]

1. e4 e5 2. Nf3 Qf6 3. d4 d6 4. Bg5 Qe6 5. d5 Qd7 6. Nc3 a6 7. Qd2 h6 8. Be3 g5
9. O-O-O Be7 10. Be2 b5 11. b3 Nf6 12. h3 c5 13. g3 b4 14. Na4 1-0

[Event "AUTO-ADV-1745"]
[Site "http://www.queenalice.com/game.php?id=767776"]
[Date "2010.4.28"]
[Round "1"]
[White "Kirim"]
[Black "KennyB"]
[Result "0-1"]
[WhiteElo "1755"]
[BlackElo "1922"]

1. e4 e6 2. d4 d5 3. Nc3 Nf6 4. Bg5 Bb4 5. a3 Bxc3+ 6. bxc3 dxe4 7. f3 exf3 8.
Nxf3 O-O 9. Bd3 Nc6 10. O-O h6 11. Be3 Bd7 12. c4 Qe7 13. a4 Rad8 14. Rb1 Bc8
15. Ne5 Nxe5 16. dxe5 Nh7 17. Bxa7 b6 18. Qg4 Bd7 19. Qe4 Ng5 20. Qb7 Qc5+ 21.
Kh1 Ra8 22. Rfe1 Bc6 23. Qxc7 Bxg2+ 0-1

[Event "AUTO-ADV-1745"]
[Site "http://www.queenalice.com/game.php?id=767777"]
[Date "2010.4.28"]
[Round "1"]
[White "KennyB"]
[Black "Kirim"]
[Result "1-0"]
[WhiteElo "1925"]
[BlackElo "1757"]

1. e4 e5 2. Nf3 Nc6 3. Bb5 a6 4. Bxc6 bxc6 5. Nc3 Nf6 6. Nxe5 Bb7 7. O-O d6 8.
Nf3 Qe7 9. e5 dxe5 10. Nxe5 O-O-O 11. Re1 c5 12. Nc6 Bxc6 13. Rxe7 Bxe7 14. d3
c4 15. Be3 h6 16. d4 g5 17. Qe2 Bb5 18. Nxb5 axb5 19. a4 c6 20. axb5 Kc7 21.
Qxc4 Rd5 22. Qxc6+ Kd8 23. Ra8# 1-0

[Event "AUTO-ADV-1745"]
[Site "http://www.queenalice.com/game.php?id=767778"]
[Date "2010.4.28"]
[Round "1"]
[White "Kirim"]
[Black "Artking"]
[Result "0-1"]
[WhiteElo "1748"]
[BlackElo "1847"]

1. e4 e5 2. Nf3 Nc6 3. d4 exd4 4. Nxd4 Bc5 5. c3 d6 6. Bb5 Bd7 7. Be3 Bb6 8. Bc4
Nf6 9. f3 Ne5 10. Qe2 Nxc4 11. Qxc4 a6 12. Na3 c5 13. Nf5 Bxf5 14. exf5 Qe7 15.
Nc2 O-O 16. O-O-O Bc7 17. g4 b5 18. Qe2 b4 19. cxb4 Nd7 20. Rhe1 Rfc8 21. bxc5
Nxc5 22. Nb4 Ba5 23. Nd5 Qb7 24. Kb1 Bxe1 25. Qxe1 Na4 26. b3 Kf8 27. Ka1 Rc2
28. bxa4 Qb2# 0-1

[Event "AUTO-ADV-1745"]
[Site "http://www.queenalice.com/game.php?id=767779"]
[Date "2010.4.28"]
[Round "1"]
[White "Artking"]
[Black "Kirim"]
[Result "0-1"]
[WhiteElo "1923"]
[BlackElo "1694"]

1. d4 d5 2. Nf3 Nc6 3. c4 Nf6 4. Nc3 e6 5. Bg5 h6 6. Bh4 g5 7. Bg3 a6 8. e3 b6
9. cxd5 exd5 10. Ne5 Qd6 11. Ng6 Qb4 12. Nxh8 Qxb2 13. Na4 Bb4+ 0-1

[Event "AUTO-ADV-1749"]
[Site "http://www.queenalice.com/game.php?id=769313"]
[Date "2010.5.2"]
[Round "1"]
[White "Kirim"]
[Black "GridKnit"]
[Result "1-0"]
[WhiteElo "1736"]
[BlackElo "1800"]

1. e4 e5 2. Nf3 Nf6 3. Nc3 Nc6 4. Bc4 Be7 5. d4 O-O 6. O-O d6 7. Re1 Bg4 8. h3
Bxf3 9. Qxf3 Nxd4 10. Qd3 c6 11. f4 b5 12. Bb3 a5 13. Be3 a4 14. Bxa4 bxa4 15.
b3 axb3 16. cxb3 Ne6 17. a4 exf4 18. Bf2 Nd7 19. b4 Ne5 20. Qd2 Bg5 21. Qe2 Qf6
22. Rf1 f3 23. gxf3 Nf4 24. Qe1 1-0

[Event "AUTO-ADV-1749"]
[Site "http://www.queenalice.com/game.php?id=769314"]
[Date "2010.5.2"]
[Round "1"]
[White "GridKnit"]
[Black "Kirim"]
[Result "1/2-1/2"]
[WhiteElo "2107"]
[BlackElo "1740"]

1. c4 d5 2. d4 Nc6 3. e3 Nf6 4. Nf3 Bg4 5. Nbd2 e5 6. dxe5 Ne4 7. Nxe4 dxe4 8.
Qxd8+ Rxd8 9. Nd4 Nxd4 10. exd4 Rxd4 11. Bd2 Bc5 12. Bc3 Rd7 13. Be2 Bf5 14. O-O
O-O 15. Rfd1 Rfd8 16. Rxd7 Rxd7 17. Rd1 Rxd1+ 18. Bxd1 e3 19. fxe3 Bxe3+ 20. Kh1
g6 21. Bf3 c6 22. g4 Bd3 23. b3 1/2-1/2

[Event "AUTO-ADV-1749"]
[Site "http://www.queenalice.com/game.php?id=769315"]
[Date "2010.5.2"]
[Round "1"]
[White "Kirim"]
[Black "alexsandrob3478"]
[Result "0-1"]
[WhiteElo "1723"]
[BlackElo "1992"]

1. e4 c5 2. Nc3 d6 3. Nf3 Nf6 4. d4 cxd4 5. Nxd4 a6 6. Be2 e5 7. Nf3 Be6 8. O-O
Be7 9. Be3 O-O 10. Ng5 Nc6 11. f3 Bd7 12. f4 Qc7 13. a3 b5 14. b4 Nxb4 15. axb4
Qxc3 16. Bd2 Qd4+ 17. Kh1 Nxe4 18. Nh3 Bxh3 19. gxh3 Qxd2 20. Qxd2 Nxd2 21. Rfd1
Ne4 22. fxe5 Nf2+ 23. Kg1 Nxh3+ 24. Kf1 dxe5 25. c3 Nf4 26. Bf3 Ra7 27. Bc6 Rd8
28. Rxd8+ Bxd8 29. Bxb5 Nd5 0-1

[Event "AUTO-ADV-1749"]
[Site "http://www.queenalice.com/game.php?id=769316"]
[Date "2010.5.2"]
[Round "1"]
[White "alexsandrob3478"]
[Black "Kirim"]
[Result "1-0"]
[WhiteElo "1942"]
[BlackElo "1731"]

1. d4 d5 2. c4 e6 3. Nc3 Nf6 4. Nf3 Bb4 5. e3 Ne4 6. Qc2 c6 7. Bd3 O-O 8. Bxe4
dxe4 9. Qxe4 f5 10. Qc2 Na6 11. O-O Ba5 12. a3 b6 13. b4 Bxb4 14. axb4 Nxb4 15.
Qa4 a5 16. Ba3 Bd7 17. Bxb4 c5 18. Nb5 cxb4 19. Ne5 Be8 20. Qb3 f4 21. c5 Bxb5
22. Qxe6+ Kh8 23. Rfe1 Re8 24. Nf7+ Kg8 25. Nxd8+ Rxe6 26. Nxe6 fxe3 27. fxe3
Re8 28. Nc7 Rf8 29. Nxb5 bxc5 30. dxc5 Rc8 31. Rxa5 Rxc5 32. Ra8+ 1-0

[Event "AUTO-ADV-1749"]
[Site "http://www.queenalice.com/game.php?id=769317"]
[Date "2010.5.2"]
[Round "1"]
[White "Kirim"]
[Black "Artking"]
[Result "0-1"]
[WhiteElo "1746"]
[BlackElo "1913"]

1. e4 c5 2. d4 cxd4 3. Qxd4 Nc6 4. Qd1 d6 5. Nc3 Nf6 6. Nf3 e6 7. Bb5 Bd7 8. O-O
Be7 9. Re1 O-O 10. Bg5 a6 11. Bxc6 Bxc6 12. a4 h6 13. Bxf6 Bxf6 14. b4 Qc7 15.
Rb1 Bxc3 16. Re3 Bf6 17. c4 b5 18. axb5 axb5 19. c5 dxc5 20. bxc5 Ra2 21. h3 Rd8
22. Qb3 Rda8 23. g3 Qa7 24. Ne1 Bd4 25. Rd3 Bxf2+ 26. Kf1 Bxc5 27. Rc3 Rf2+ 0-1

[Event "AUTO-ADV-1749"]
[Site "http://www.queenalice.com/game.php?id=769318"]
[Date "2010.5.2"]
[Round "1"]
[White "Artking"]
[Black "Kirim"]
[Result "1-0"]
[WhiteElo "1980"]
[BlackElo "1737"]

1. e4 e5 2. Nf3 Nc6 3. Bb5 a6 4. Ba4 b5 5. Bb3 d6 6. c3 Be6 7. Bc2 d5 8. exd5
Bxd5 9. a4 Bc5 10. O-O b4 11. Re1 f6 12. d4 Bd6 13. dxe5 Bxe5 14. Bf4 Nge7 15.
Nxe5 fxe5 16. Qh5+ g6 17. Bxg6+ Nxg6 18. Bxe5 Rg8 19. Bxc7+ Kd7 20. Bxd8 Raxd8
21. Qxh7+ Kd6 22. cxb4 Nxb4 23. Rc1 Nd3 24. Qc7+ Ke6 25. Rc2 Rc8 26. Qb6+ Rc6
27. Rxc6+ Bxc6 28. Qxc6+ Kf7 29. Qd5+ Kg7 30. Qxd3 a5 31. Nd2 Kh6 32. Ra3 1-0

[Event "Challenge"]
[Site "http://www.queenalice.com/game.php?id=787562"]
[Date "2010.6.9"]
[Round "-"]
[White "ORNELAS"]
[Black "Kirim"]
[Result "1-0"]
[WhiteElo "1737"]
[BlackElo "1754"]

1. b3 d5 2. Bb2 Nc6 3. e3 e5 4. g3 Nf6 5. Bg2 Bc5 6. c3 Bf5 7. d4 exd4 8. exd4
Qe7+ 9. Ne2 Bd6 10. Nd2 O-O-O 11. Nf3 Rhe8 12. O-O 1-0

[Event "BRASIL"]
[Site "http://www.queenalice.com/game.php?id=802606"]
[Date "2010.7.13"]
[Round "3"]
[White "Kirim"]
[Black "bomfim"]
[Result "0-1"]
[WhiteElo "1723"]
[BlackElo "2137"]

1. e4 e5 2. Nf3 Nc6 3. Nc3 Bb4 4. a3 Bxc3 5. bxc3 Nf6 6. d3 d5 7. Bg5 dxe4 8.
dxe4 Qxd1+ 9. Rxd1 Nxe4 10. Bb5 Nxg5 11. Nxg5 O-O 12. O-O h6 13. Nf3 Bg4 14.
Rde1 Bxf3 15. gxf3 Rfe8 16. Re2 Rad8 17. Rfe1 Rd5 18. c4 Rc5 19. Bxc6 Rxc6 20.
Rxe5 Rxe5 21. Rxe5 Rxc4 22. Re2 Rc3 23. a4 Rxf3 24. Kg2 Rf4 25. Re7 Rc4 26. a5
Rxc2 27. h3 Kf8 28. Re5 b6 29. a6 c5 30. Kf3 Ra2 31. Ke3 Rxa6 0-1